[Event "Hamburg Robinow op"]
[Site "Hamburg"]
[Date "2005.10.01"]
[Round "1"]
[White "Hackbarth, Bjoern"]
[Black "Kolster, Jascha"]
[Result "1-0"]
[WhiteElo "1535"]
[BlackElo "1190"]
[PlyCount "55"]
[EventDate "2005.10.01"]
[EventType "swiss"]
[EventRounds "9"]
[EventCountry "GER"]
[SourceTitle "CBM 108 Extra"]
[Source "ChessBase"]
[SourceDate "2005.11.04"]
[SourceVersion "1"]
[SourceVersionDate "2005.11.04"]
[SourceQuality "1"]

1. c4 d6 2. d4 b6 3. Nf3 Bb7 4. g3 Nf6 5. Bg2 g6 6. Nc3 Bg7 7. 0-0 0-0 8. Qc2 c5 9. d5 b5 10. Nxb5 Ba6 11. a4 Bc8 12. e4 e6 13. dxe6 Bxe6 14. Bg5 h6 15. Bf4 Ne8 16. Rad1 g5 17. Be3 Qb6 18. e5 g4 19. Nh4 Nc6 20. exd6 Nb4 21. Qd2 Bxc4 22. Bxa8 Bxf1 23. Rxf1 Bf6 24. Bxh6 Ng7 25. Bxg7 Kxg7 26. Nf5+ Kg6 27. Be4 Kh5 28. Qh6# 1-0

[Event "Norderstedt op 5th"]
[Site "Norderstedt"]
[Date "2005.03.28"]
[Round "3.28"]
[White "Kolster, Jascha"]
[Black "Fobian, Erik"]
[Result "0-1"]
[WhiteElo "979"]
[BlackElo "1500"]
[PlyCount "68"]
[EventDate "2005.03.27"]
[EventType "swiss"]
[EventRounds "7"]
[EventCountry "GER"]
[SourceTitle "EXT 2006"]
[Source "ChessBase"]
[SourceDate "2005.11.24"]
[SourceVersion "1"]
[SourceVersionDate "2005.11.24"]
[SourceQuality "1"]

1. e4 d6 2. d4 Nf6 3. Nc3 g6 4. Bg5 Bg7 5. Qd2 h6 6. e5 Ng4 7. Bh4 dxe5 8. 0-0-0 exd4 9. Nf3 c5 10. Bc4 0-0 11. Rhe1 Nc6 12. Bb5 dxc3 13. Qxd8 cxb2+ 14. Kb1 Rxd8 15. Bxc6 Rxd1+ 16. Rxd1 bxc6 17. Rd8+ Kh7 18. h3 Nf6 19. Kxb2 Bb7 20. Rxa8 Bxa8 21. Ne5 Nd7 22. f4 Nxe5 23. fxe5 Bxe5+ 24. c3 g5 25. Bf2 Bd6 26. Kb3 Bb7 27. g3 Bc8 28. h4 f5 29. hxg5 hxg5 30. Kc2 Kg6 31. Kd3 e5 32. Ke2 a5 33. a4 Ba6+ 34. Kf3 Bd3 0-1

[Event "Norderstedt op 5th"]
[Site "Norderstedt"]
[Date "2005.03.28"]
[Round "6.29"]
[White "Kolster, Jascha"]
[Black "Howe, Dietrich"]
[Result "1-0"]
[WhiteElo "979"]
[BlackElo "1502"]
[PlyCount "87"]
[EventDate "2005.03.27"]
[EventType "swiss"]
[EventRounds "7"]
[EventCountry "GER"]
[SourceTitle "EXT 2006"]
[Source "ChessBase"]
[SourceDate "2005.11.24"]
[SourceVersion "1"]
[SourceVersionDate "2005.11.24"]
[SourceQuality "1"]

1. e4 c5 2. c3 d5 3. f3 e5 4. d4 Nc6 5. Bb5 a6 6. Bxc6+ bxc6 7. Ne2 cxd4 8. cxd4 Bd6 9. dxe5 Bxe5 10. Nbc3 Nf6 11. Bf4 Qc7 12. Bxe5 Qxe5 13. Qd4 Qxd4 14. Nxd4 c5 15. Nc6 d4 16. Nd5 Nxd5 17. exd5 0-0 18. 0-0 Rd8 19. Nxd8 Bd7 20. Nc6 Rc8 21. Rae1 Kf8 22. Rf2 d3 23. Ne5 Bb5 24. a4 Bxa4 25. Nxd3 c4 26. Ne5 Bb5 27. d6 f6 28. Ng4 Rd8 29. Rd2 a5 30. Re4 f5 31. Re5 Bd7 32. Ne3 Rc8 33. Re7 f4 34. Nd5 Rd8 35. Nb6 Bb5 36. Rc7 Re8 37. Nxc4 a4 38. Rd4 Rd8 39. Rxf4+ Kg8 40. Nb6 g5 41. Rf5 Ba6 42. d7 h6 43. Ra5 Bd3 44. Rc8 1-0